Города Италии по населению - Statistics

General Stats
  • This quiz has been taken 34 times
  • The average score is 18 of 136
Answer Stats
Место Население Город % Correct
1 2 746 984 Рим
96%
2 1 366 155 Милан
91%
4 856 745 Турин
91%
3 908 082 Неаполь
87%
8 362 353 Флоренция
83%
5 625 926 Палермо
70%
12 249 466 Венеция
70%
55 89 450 Пиза
61%
6 563 947 Генуя
57%
27 146 627 Кальяри
52%
7 390 734 Болонья
48%
9 315 473 Бари
48%
11 255 133 Верона
43%
34 120 580 Бергамо
43%
23 162 467 Перуджа
39%
46 98 320 Удине
39%
16 198 986 Парма
35%
17 198 668 Триест
30%
26 150 630 Римини
30%
62 83 228 Комо
30%
124 52 991 Сиена
30%
10 297 517 Катания
26%
14 207 694 Падуя
26%
25 152 916 Ливорно
26%
31 125 958 Салерно
26%
80 71 062 Кремона
26%
13 216 918 Мессина
22%
15 199 949 Брешия
22%
22 168 572 Реджо-ди-Калабрия
22%
28 145 447 Фоджа
22%
33 123 131 Монца
22%
24 156 444 Равенна
17%
36 118 911 Тренто
17%
37 118 419 Пескара
17%
40 110 492 Виченца
17%
45 99 469 Анкона
17%
51 94 253 Лечче
17%
20 184 739 Модена
13%
41 106 463 Больцано
13%
43 103 464 Пьяченца
13%
59 85 770 Тревизо
13%
74 73 778 Рагуза
13%
29 129 384 Феррара
9%
35 120 497 Сассари
9%
39 115 636 Сиракузы
9%
44 102 573 Новара
9%
49 95 887 Чезена
9%
52 92 711 Специя
9%
91 63 839 Потенца
9%
92 63 241 Козенца
9%
106 58 181 Кротоне
9%
112 55 645 Беневенто
9%
123 53 033 Сан-Ремо
9%
134 50 831 Ро
9%
19 185 909 Таранто
4%
21 172 518 Реджо-Эмилия
4%
30 127 732 Латина
4%
42 106 411 Терни
4%
48 96 527 Ареццо
4%
50 95 360 Пезаро
4%
53 92 518 Алессандрия
4%
54 92 010 Барлетта
4%
61 83 247 Катандзаро
4%
63 83 075 Фьюмичино
4%
65 81 412 Гроссето
4%
66 79 693 Марсала
4%
75 73 503 Асти
4%
77 73 324 Карпи
4%
81 70 421 Л-Акуила
4%
115 55 227 Агридженто
4%
116 55 107 Тиволи
4%
131 51 639 Чивитавеккья
4%
18 198 326 Прато
0%
32 124 633 Джульяно-ин-Кампания
0%
38 117 609 Форли
0%
47 96 607 Андрия
0%
56 89 165 Гвидония
0%
57 88 943 Пистоя
0%
58 88 614 Лукка
0%
60 83 995 Бусто Арсицио
0%
64 81 664 Бриндизи
0%
67 79 294 Торре-дель-Греко
0%
68 79 018 Варезе
0%
69 78 843 Сесто-Сан-Джованни
0%
70 75 192 Поццуоли
0%
71 74 847 Чинизелло-Бальсамо
0%
72 74 615 Априлия
0%
73 74 002 Корильяно-Россано
0%
76 73 491 Казория
0%
78 72 632 Казерта
0%
79 71 556 Павия
0%
82 70 341 Джела
0%
83 70 094 Альтамура
0%
84 69 350 Имола
0%
85 68 108 Куарту-Сант Элена
0%
86 67 168 Ламеция-Терме
0%
87 66 365 Витербо
0%
88 65 801 Масса
0%
89 65 714 Виттория
0%
90 64 994 Помеция
0%
93 62 845 Виджевано
0%
94 62 157 Кастелламмаре-ди-Стабия
0%
95 61 658 Ольбия
0%
96 61 449 Афрагола
0%
97 60 697 Виареджио
0%
98 60 646 Леньяно
0%
99 59 907 Фано
0%
100 59 793 Анцио
0%
101 59 699 Каррара
0%
102 59 586 Матера
0%
103 58 800 Фаэнца
0%
104 58 690 Савона
0%
105 58 535 Ачерра
0%
107 58 045 Кальтаниссетта
0%
108 57 639 Марано-ди-Наполи
0%
109 57 147 Мольфетта
0%
110 56 941 Чериньола
0%
111 55 804 Кунео
0%
113 55 489 Монкальери
0%
114 55 310 Фолиньо
0%
117 54 887 Трапани
0%
118 54 751 Трани
0%
119 53 556 Монтезильвано
0%
120 53 413 Модика
0%
121 53 362 Бишелье
0%
122 53 288 Манфредония
0%
125 52 915 Битонто
0%
126 52 904 Багерия
0%
127 52 886 Галларате
0%
128 52 872 Веллетри
0%
129 52 371 Порденоне
0%
130 51 910 Авеллино
0%
132 51 539 Терамо
0%
133 51 351 Портичи
0%
135 50 781 Ардеа
0%
136 50 579 Ачиреале
0%
No matching quizzes found
Score Distribution
Percent of People with Each Score
Percentile by Number Answered
Your Score History
You have not taken this quiz